A study of local self government in urban India (Record no. 480507)

000 -LEADER
fixed length control field 00359cam a22001217a 4500
008 - FIXED-LENGTH DATA ELEMENTS--GENERAL INFORMATION
fixed length control field 180718b1959 xxu||||| |||| 00| 0 eng d
082 ## - DEWEY DECIMAL CLASSIFICATION NUMBER
Classification number B73x54 M436
100 ## - MAIN ENTRY--PERSONAL NAME
Personal name Mattoo, P.K.
245 ## - TITLE STATEMENT
Title A study of local self government in urban India
Statement of responsibility, etc. by P.K. Mattoo
260 ## - PUBLICATION, DISTRIBUTION, ETC.
Place of publication, distribution, etc. Jullundur
Name of publisher, distributor, etc. Jain General House
Date of publication, distribution, etc. 1959
300 ## - PHYSICAL DESCRIPTION
Extent 62p.
650 ## - SUBJECT ADDED ENTRY--TOPICAL TERM
Topical term or geographic name entry element Municipal Govt. - India
Holdings
Withdrawn status Lost status Damaged status Not for loan Permanent Location Current Location Date acquired Full call number Barcode Date last seen Price effective from Koha item type
        Indian Institute of Public Administration Indian Institute of Public Administration 2018-08-04 B73x54 M436 GR2176 2018-08-04 2018-08-04 GR

Powered by Koha